Этнографические и статистические данные о жителях Волынской губернии

RUSMARC
00003991cmc2a2200253#x 450
0014550dbe2-7a08-4793-9149-72d7f4c516e4
00520241212161054.0
100##$a20241212l18461915k###0rusy50 ca
1010#$arus
102##$aRU
1222#$ad1846######
$ad1915######
2001#$aЭтнографические и статистические данные о жителях Волынской губернии
$j1846-1915
215##$a30 единиц хранения
251##$cОпись
461#0$1001fbdf263a-6824-406c-bf44-fdc6fe2f81ac
$12001
$aРукописи по Волынской губернии (география, этнография, фольклор)
$j1846-1915
$vОп. 1
$1251
$a1 опись
$cФонд
$171002
$3LIBNET\UAF\0000101025
$aРусское географическое общество
$bНаучный архив
$1852
$aНА РГО
$jР-VIII
60102$2prlib_sh
$3LIBNET\UAF\0000066563
$aРусское географическое общество
$xДеятельность
$jАрхивы
6061#$2prlib_sh
$3DITM\AF\0000004925
$aНароды Европейской части России
$xИсторико-этнографические исследования
$jАрхивы
607##$2nlr_sh1
$3RU\NLR\AUTH\66217813
$aВолынская губерния
$jАрхивы
686##$a63.3(28-8Вон)л63
$vLBC/M
$2rubbk
801#0$aRU
$bПБ им. Б.Н. Ельцина
$c
801#1$aRU
$bПБ им. Б.Н. Ельцина
$c
$2rusmarc
801#2$aRU
$bПБ им. Б.Н. Ельцина
$c20241212
$gRCR
$2rusmarc
852##$aНА РГО
$j1
8564#$nПБ им. Б.Н. Ельцина
$uhttp://readingroom.main.prlib.ru/item.aspx?id_node=n195277959&mode=full
035##$aLIBNET\0001443979
937##$d195277959
$hПБ
Фонд Рукописи по Волынской губернии (география, этнография, фольклор)
Формат отображения